Aproximación a los derechos humanos y la pobreza desde el enfoque de las capacidades (Record no. 499224)

000 -CABECERA
Campo de control de longitud fija 00539nab a2200145 4500
003 - IDENTIFICADOR DEL NÚMERO DE CONTROL
Campo de control ES-SlBCS
005 - FECHA Y HORA DE LA ÚLTIMA TRANSACCIÓN
Campo de control 20210327224353.0
008 - CÓDIGOS DE INFORMACIÓN DE LONGITUD FIJA
Campo de control de longitud fija 140521s2013 sp ||||| |||| 00| 0 spa d
040 ## - FUENTE DE LA CATALOGACIÓN
Centro catalogador del origen ES-SlBCS
Lengua de catalogación spa
100 10 - PUNTO DE ACCESO PRINCIPAL-NOMBRE DE PERSONA
Nombre de persona Iguíñiz Echeverría, Javier María
9 (RLIN) 66892
245 10 - MENCIÓN DE TÍTULO
Título Aproximación a los derechos humanos y la pobreza desde el enfoque de las capacidades
Mención de responsabilidad, etc. Javier María Iguíñiz Echeverría
650 04 - PUNTO DE ACCESO ADICIONAL DE MATERIA-TÉRMINO DE MATERIA
Término de materia o nombre geográfico como elemento inicial Derechos Humanos
9 (RLIN) 86593
773 0# - ENLACE AL DOCUMENTO FUENTE
Parte(s) relacionada(s) Nº 170, 2013, págs. 17-34
Título Documentación Social
Número de control del registro relacionado Rev166
Número Internacional Normalizado para Publicaciones Seriadas (ISSN) 0417-8106
942 ## - ENTRADA DE ELEMENTOS AGREGADOS (KOHA)
Fuente de clasificaión o esquema
Koha [por defecto] tipo de item Artículos de revista
Holdings
Suprimido Perdido Fuente de clasificación o esquema Estropeado No para préstamo Localización permanente Localización actual Localización en estantería Fecha adquisición Préstamos totales Fecha última consulta Fecha del precio de reemplazo Tipo de item de Koha
          San Esteban San Esteban Depósito de revistas 21/05/2014   21/05/2014 21/05/2014 Artículos de revista

Bibliotecas Dominicos Provincia Hispania, 2016

Con tecnología Koha